First Peoples Theology Journal (Record no. 42113)

MARC details
000 -LEADER
fixed length control field 00522nam a22001337a 4500
008 - FIXED-LENGTH DATA ELEMENTS--GENERAL INFORMATION
fixed length control field 130815b xxu||||| |||| 00| 0 eng d
022 ## - INTERNATIONAL STANDARD SERIAL NUMBER
International Standard Serial Number 1935-3979
245 ## - TITLE STATEMENT
Title First Peoples Theology Journal
Statement of responsibility, etc. Indigenous Theological Training Institute.
260 ## - PUBLICATION, DISTRIBUTION, ETC. (IMPRINT)
Place of publication, distribution, etc. New YORK
Name of publisher, distributor, etc. Indigenous Theological Training Institute
Date of publication, distribution, etc. 2000
300 ## - PHYSICAL DESCRIPTION
Extent Periodicals
440 ## - SERIES STATEMENT/ADDED ENTRY--TITLE
Title a journal devoted to the study and expression of indigenous theology
650 ## - SUBJECT ADDED ENTRY--TOPICAL TERM
Form subdivision Indigenous Theological Training Institute -- Periodicals.
942 ## - ADDED ENTRY ELEMENTS (KOHA)
Source of classification or shelving scheme Library of Congress Classification
Koha item type Serials
Holdings
Withdrawn status Lost status Source of classification or shelving scheme Damaged status Not for loan Collection code Home library Current library Date acquired Total Checkouts Date last seen Price effective from Koha item type
    Library of Congress Classification     Non-fiction Bishop Okullu Memorial Library (Limuru Campus) Bishop Okullu Memorial Library (Limuru Campus) 15/08/2013   15/08/2013 15/08/2013 Serials